01837 a2200181 45000010006000000050017000060080041000230030015000640400040000790800034001192450038001532640041001913000026002325051235002580410008014931000026015018560128015272229220260407155512.0260407a1974 arg spa dAR-UNSa-BCEJYS aAR-UNSa-BCEJYSbspacAR-UNSa-BCEJYS a342.9xDerecho Administrativo10aTratado de derecho administrativo 1aBuenos Aires :bAbeledo Perrotc1974 a2.v (642,725)c23 cm. aTítulo VII: 1. Contratos de la Administración pública - 2. Contrato administrativo y contrato de derecho común de la administración pública - 3. Formación y prueba del contrato administrativo - 4. Elección del cocontratante de la administración - 5. Caracteres del contrato administrativo - 6. Elementos del contrato administrativo - 7. Efectos del contrato administrativo - 8. Ejecución de los contratos administrativos - 9. Vicios o defectos de los contratos administrativos - 10. Terminación o finalización de los contratos administrativos. Parte II: 1. De la función o empleo público - 2. El personal de la administración pública - 3. Estructura de la relación de función o empleo público - 4. El ingreso a la función o empleo público - 5. Naturaleza jurídica de la relación de función o empleo públicos - 6. Formación de la relación de función o de empleo públicos - 7. Deberes de los funcionarios y empleados públicos - 8. Derechos de los funcionarios y empleados públicos - 9. Responsabilidad de los funcionarios públicos - 10. Extinción de la relación de función o empleo público - 11. De las contiendas en materia de relación de empleo público. aspa1 aMarienhoff, Miguel S.41uhttps://biblioeco.unsa.edu.ar/pmb/images/libros/Tratado de Derecho Administrativo-l26794.jpgyImagen de portadaqimage/jpeg